Mid-year review of the Indian economy, 1999-2000 (Record no. 492130)

000 -LEADER
fixed length control field 00428cam a22001457a 4500
008 - FIXED-LENGTH DATA ELEMENTS--GENERAL INFORMATION
fixed length control field 180718b2000 xxu||||| |||| 00| 0 eng d
020 ## - INTERNATIONAL STANDARD BOOK NUMBER
International Standard Book Number 8122005810
082 ## - DEWEY DECIMAL CLASSIFICATION NUMBER
Classification number T19x54 L139
100 ## - MAIN ENTRY--PERSONAL NAME
Personal name Lahiri, Ashok K.
245 ## - TITLE STATEMENT
Title Mid-year review of the Indian economy, 1999-2000
Statement of responsibility, etc. by Ashok K. Lahiri
260 ## - PUBLICATION, DISTRIBUTION, ETC.
Place of publication, distribution, etc. Delhi
Name of publisher, distributor, etc. Konark
Date of publication, distribution, etc. 2000
300 ## - PHYSICAL DESCRIPTION
Extent 96p.
650 ## - SUBJECT ADDED ENTRY--TOPICAL TERM
Topical term or geographic name entry element India - Economic conditions
650 ## - SUBJECT ADDED ENTRY--TOPICAL TERM
Topical term or geographic name entry element Economic development - India
Holdings
Withdrawn status Lost status Damaged status Not for loan Permanent Location Current Location Date acquired Full call number Barcode Date last seen Price effective from Koha item type
        Indian Institute of Public Administration Indian Institute of Public Administration 2018-08-04 T19x54 L139 GR16035 2018-08-04 2018-08-04 GR

Powered by Koha